[Event "San Sebastian op 45th"]
[Site "San Sebastian"]
[Date "2025.04.19"]
[Round "8"]
[White "Lopez de Turiso, Jose Angel"]
[Black "Sanz Gorospe, Ibai"]
[Result "0-1"]
[WhiteElo "1965"]
[BlackElo "2137"]
[PlyCount "70"]
[EventDate "2025.04.14"]
[EventType "swiss"]
[EventRounds "9"]
[EventCountry "ESP"]
[SourceTitle "CB18_2025"]
[SourceDate "2025.04.30"]
[SourceVersion "1"]
[SourceVersionDate "2025.04.30"]
[SourceQuality "1"]

1. Nc3 c5 2. Nf3 Nc6 3. d4 cxd4 4. Nxd4 Nf6 5. g3 g6 6. Bg2 Bg7 7. 0-0 0-0 8. h3 d5 9. Nxc6 bxc6 10. Na4 Qa5 11. c4 dxc4 12. Bd2 Qb5 13. e4 Rd8 14. Rc1 Be6 15. Nc3 Qxb2 16. Rc2 Qa3 17. f4 Rd3 18. Qe1 Rad8 19. Bc1 Qc5+ 20. Kh2 Ne8 21. e5 Qb6 22. Be4 R3d7 23. Be3 Qa6 24. Bc5 Nc7 25. f5 gxf5 26. Bxf5 Qa5 27. Qf2 Bxf5 28. Qxf5 Qxc5 29. Qxf7+ Kh8 30. Ne4 Qxe5 31. Qxc4 Rd4 32. Qxc6 Rxe4 33. Qxc7 Re2+ 34. Kg1 Qe3+ 35. Kh1 Qe4+ 0-1

[Event "ESP-ch 89th"]
[Site "Marbella"]
[Date "2024.12.14"]
[Round "4"]
[White "Lopez de Turiso, Jose Angel"]
[Black "De Prada Quintana, Susana"]
[Result "1-0"]
[WhiteElo "1975"]
[BlackElo "1706"]
[PlyCount "93"]
[EventDate "2024.12.11"]
[EventType "swiss"]
[EventRounds "9"]
[EventCountry "ESP"]
[SourceTitle "CB52_2024"]
[SourceDate "2024.12.25"]
[SourceVersion "1"]
[SourceVersionDate "2024.12.25"]
[SourceQuality "1"]

1. d4 d5 2. c4 e6 3. Nc3 Nf6 4. cxd5 exd5 5. Bg5 c6 6. e3 h6 7. Bh4 Be7 8. Bd3 0-0 9. Qc2 Nbd7 10. Nge2 Re8 11. f3 Nb6 12. b3 a5 13. 0-0 Be6 14. Kh1 Kh8 15. Rae1 c5 16. Bxf6 Bxf6 17. dxc5 Nd7 18. Na4 Rc8 19. Nd4 Nxc5 20. Nxc5 Qe7 21. Rc1 b6 22. Ndxe6 fxe6 23. Qd2 Rxc5 24. Rxc5 Qxc5 25. Rc1 Qd6 26. Bb5 Rd8 27. Rc6 Qe5 28. f4 Qb8 29. Qc1 e5 30. g3 Kg8 31. Qc2 e4 32. Rc7 d4 33. exd4 Bxd4 34. Qc4+ Kh8 35. Rc6 e3 36. Qe2 Bc5 37. Qg4 Qb7 38. Qe6 Rd6 39. Qe8+ Kh7 40. Qe4+ Kh8 41. Kg2 Rxc6 42. Qe8+ Kh7 43. Bxc6 Qe7 44. Be4+ g6 45. Qxg6+ Kh8 46. Qxh6+ Kg8 47. Bd5+ 1-0

[Event "EU-ch Seniors 50"]
[Site "Lignano Sabbiadoro"]
[Date "2024.10.25"]
[Round "1"]
[White "Lopez de Turiso, Jose Angel"]
[Black "Mrva, Martin"]
[Result "0-1"]
[WhiteElo "1981"]
[BlackElo "2384"]
[PlyCount "58"]
[EventDate "2024.10.25"]
[EventType "swiss"]
[EventRounds "9"]
[EventCountry "ITA"]
[SourceTitle "CB45_2024"]
[Source "ChessBase"]
[SourceDate "2024.11.06"]
[SourceVersion "1"]
[SourceVersionDate "2024.11.06"]
[SourceQuality "1"]

1. e4 c5 2. c3 d6 3. d4 Nf6 4. dxc5 Nc6 5. cxd6 Nxe4 6. Nf3 Nxd6 7. Be2 g6 8. Bf4 Bg7 9. Qc1 h6 10. 0-0 e5 11. Be3 Nf5 12. Bc5 Qc7 13. Nbd2 Be6 14. Rd1 0-0-0 15. b4 b6 16. b5 Nce7 17. Bxe7 Nxe7 18. a4 Nd5 19. Ra3 Bf8 20. c4 Bxa3 21. Qxa3 Nf4 22. Bf1 e4 23. c5 exf3 24. cxb6 Ne2+ 25. Bxe2 fxe2 26. Rc1 e1Q+ 27. Rxe1 Qxb6 28. Rc1+ Kb8 29. Ne4 Qd4 0-1

[Event "Coin op 4th"]
[Site "Coin"]
[Date "2024.03.29"]
[Round "6"]
[White "Lopez de Turiso, Jose Angel"]
[Black "Perez Bellido, Jose Manuel"]
[Result "1-0"]
[WhiteElo "1940"]
[BlackElo "1860"]
[PlyCount "38"]
[EventDate "2024.03.25"]
[EventType "swiss"]
[EventRounds "9"]
[EventCountry "ESP"]
[SourceTitle "EXT 2025"]
[Source "ChessBase"]
[SourceDate "2024.10.14"]
[SourceVersion "1"]
[SourceVersionDate "2024.10.14"]
[SourceQuality "1"]

1. d4 Nf6 2. Nf3 g6 3. Nbd2 d5 4. e3 Bg7 5. Bd3 0-0 6. 0-0 b6 7. e4 dxe4 8. Nxe4 Bb7 9. Qe2 Re8 10. c3 Nbd7 11. Bg5 h6 12. Bh4 Nh5 13. Bc4 Ndf6 14. Bxf7+ Kxf7 15. Neg5+ hxg5 16. Nxg5+ Kf8 17. Ne6+ Kf7 18. Ng5+ Kf8 19. Ne6+ Kf7 1-0

[Event "Guardamar Esphouses op 1st"]
[Site "Guardamar del Segura"]
[Date "2023.09.09"]
[Round "9"]
[White "Grabuzova, Tatiana"]
[Black "Lopez de Turiso, Jose Angel"]
[Result "1-0"]
[WhiteElo "2175"]
[BlackElo "1809"]
[PlyCount "67"]
[EventDate "2023.09.04"]
[EventType "swiss"]
[EventRounds "9"]
[EventCountry "ESP"]
[SourceTitle "CBM 216 Extra"]
[Source "ChessBase"]
[SourceDate "2023.11.30"]
[SourceVersion "1"]
[SourceVersionDate "2023.11.30"]
[SourceQuality "1"]

1. d4 f5 2. c4 Nf6 3. Nc3 d6 4. Nf3 g6 5. g3 Bg7 6. Bg2 0-0 7. 0-0 Nc6 8. d5 Ne5 9. Nxe5 dxe5 10. Qb3 Kh8 11. c5 a6 12. Rd1 Qe8 13. Bd2 Rb8 14. c6 b6 15. Na4 Qf7 16. Nc5 Rd8 17. d6 e6 18. d7 Bxd7 19. Nxd7 Nxd7 20. cxd7 Rxd7 21. Bc3 h5 22. Rxd7 Qxd7 23. Rd1 Qf7 24. Bc6 f4 25. Qc4 fxg3 26. hxg3 Rf8 27. f3 Qf5 28. Qe4 Qg5 29. Kf2 Rf5 30. Qh4 Qh6 31. Rd8+ Kh7 32. Be4 Bf6 33. Rd7+ Kh8 34. Bxf5 1-0

[Event "Madrid-ch Previa A"]
[Site "Madrid"]
[Date "2023.02.13"]
[Round "4.6"]
[White "Lopez de Turiso, Jose Angel"]
[Black "Arevillca Colque, Jonatan"]
[Result "0-1"]
[WhiteElo "1926"]
[BlackElo "1765"]
[PlyCount "58"]
[EventDate "2023.02.06"]
[EventType "swiss"]
[EventRounds "9"]
[EventCountry "ESP"]
[SourceTitle "EXT 2024"]
[Source "ChessBase"]
[SourceDate "2023.10.10"]
[SourceVersion "1"]
[SourceVersionDate "2023.10.10"]
[SourceQuality "1"]

1. Nc3 d5 2. e4 d4 3. Nce2 e5 4. Ng3 Nc6 5. Bb5 a6 6. Bxc6+ bxc6 7. d3 Bd6 8. N1e2 Qh4 9. 0-0 g5 10. Nf5 Bxf5 11. exf5 Nh6 12. Ng3 e4 13. Re1 e3 14. fxe3 0-0-0 15. Nf1 Ng4 16. g3 Qh3 17. Qf3 dxe3 18. Bxe3 Rde8 19. Bf2 Ne5 20. Qg2 Qxf5 21. Nd2 g4 22. Bd4 f6 23. Bxe5 Rxe5 24. Rxe5 Qxe5 25. Nc4 Bc5+ 26. Kh1 Qd5 27. Re1 Kd7 28. Qe4 Re8 29. Ne3 Rxe4 0-1

[Event "Alzira op 12th"]
[Site "Alzira"]
[Date "2022.12.28"]
[Round "3"]
[White "Buenafe Moya, Javier"]
[Black "Lopez de Turiso, Jose Angel"]
[Result "1/2-1/2"]
[WhiteElo "2146"]
[BlackElo "1885"]
[PlyCount "106"]
[EventDate "2022.12.27"]
[EventType "swiss"]
[EventRounds "8"]
[EventCountry "ESP"]
[SourceTitle "CBM 212 Extra"]
[Source "ChessBase"]
[SourceDate "2023.03.31"]
[SourceVersion "1"]
[SourceVersionDate "2023.03.31"]
[SourceQuality "1"]

1. c4 f5 2. Nf3 Nf6 3. g3 d6 4. d4 g6 5. Bg2 Bg7 6. 0-0 0-0 7. b4 c6 8. Bb2 e5 9. dxe5 Ng4 10. Qb3 Nxe5 11. c5+ Kh8 12. cxd6 Nxf3+ 13. Bxf3 Qxd6 14. b5 Rd8 15. Na3 Be6 16. Nc4 Qc5 17. Bxg7+ Kxg7 18. bxc6 bxc6 19. Rac1 Nd7 20. Rfd1 Rab8 21. Qc3+ Nf6 22. Qa5 Qxa5 23. Nxa5 Rxd1+ 24. Rxd1 Rb2 25. Nxc6 Rxa2 26. Rd6 Bc4 27. Nb4 Ra1+ 28. Kg2 a5 29. Nc2 Ra2 30. Nd4 a4 31. Rc6 Bd5 32. Rc7+ Kg8 33. Ra7 Bxf3+ 34. Kxf3 Ne4 35. h4 Nc3 36. Kf4 Nxe2+ 37. Nxe2 Rxe2 38. f3 Rb2 39. h5 Rb4+ 40. Kg5 gxh5 41. Kf6 Rb6+ 42. Kxf5 Rb3 43. Kf4 a3 44. Ke4 Rc3 45. Ra5 h4 46. gxh4 Kg7 47. f4 Kg6 48. f5+ Kf6 49. Ra6+ Kg7 50. Ke5 Re3+ 51. Kf4 Rh3 52. Kg4 Rb3 53. Kg5 Rg3+ 1/2-1/2

[Event "Benidorm op-B"]
[Site "Benidorm"]
[Date "2022.12.10"]
[Round "8"]
[White "Lopez de Turiso, Jose Angel"]
[Black "Pedraza Fernandez, Miguel Angel"]
[Result "1-0"]
[WhiteElo "1885"]
[BlackElo "1784"]
[PlyCount "49"]
[EventDate "2022.12.03"]
[EventType "swiss"]
[EventRounds "9"]
[EventCountry "ESP"]
[SourceTitle "CBM 212 Extra"]
[Source "ChessBase"]
[SourceDate "2023.03.31"]
[SourceVersion "1"]
[SourceVersionDate "2023.03.31"]
[SourceQuality "1"]

1. d4 Nf6 2. c4 d6 3. Nc3 e5 4. Nf3 e4 5. Nd2 Bf5 6. g4 Bxg4 7. Ndxe4 Nxe4 8. Nxe4 Nc6 9. Bg2 h6 10. Ng3 g5 11. h3 Bd7 12. e3 Qe7 13. Bd2 Bg7 14. Bc3 0-0 15. Qd3 Nd8 16. Nf5 Bxf5 17. Qxf5 Qe6 18. Qd3 c6 19. 0-0-0 Rb8 20. d5 cxd5 21. Bxd5 Qd7 22. h4 Bxc3 23. Qxc3 Ne6 24. hxg5 hxg5 25. Qh8# 1-0

[Event "Collado Villalba op 39th"]
[Site "Collado Villalba"]
[Date "2022.08.22"]
[Round "3"]
[White "Lopez de Turiso, Jose Angel"]
[Black "Paniagua Quinones, Carlos"]
[Result "1-0"]
[WhiteElo "1936"]
[BlackElo "1631"]
[PlyCount "29"]
[EventDate "2022.08.20"]
[EventType "swiss"]
[EventRounds "9"]
[EventCountry "ESP"]
[SourceTitle "EXT 2023"]
[Source "ChessBase"]
[SourceDate "2022.10.05"]
[SourceVersion "1"]
[SourceVersionDate "2022.10.05"]
[SourceQuality "1"]

1. c4 Nf6 2. Nc3 e6 3. e4 d5 4. cxd5 exd5 5. e5 Ne4 6. Nf3 Nxc3 7. bxc3 c5 8. d4 Nc6 9. Bd3 Bg4 10. 0-0 cxd4 11. cxd4 Nxd4 12. Qa4+ Qd7 13. Qxd4 Bxf3 14. gxf3 Be7 15. Bb2 1-0

[Event "Collado Villalba Grupo Gallinero op 1st"]
[Site "Collado Villalba"]
[Date "2022.08.13"]
[Round "2"]
[White "Lopez de Turiso, Jose Angel"]
[Black "Martinez Fernandez, Raul"]
[Result "0-1"]
[WhiteElo "1936"]
[BlackElo "2187"]
[PlyCount "86"]
[EventDate "2022.08.12"]
[EventType "swiss"]
[EventRounds "9"]
[EventCountry "ESP"]
[SourceTitle "CBM 210 Extra"]
[Source "ChessBase"]
[SourceDate "2022.11.30"]
[SourceVersion "1"]
[SourceVersionDate "2022.11.30"]
[SourceQuality "1"]

1. e4 e5 2. Nf3 Nc6 3. Bb5 a6 4. Bxc6 dxc6 5. Nc3 f6 6. d4 Bg4 7. dxe5 Qxd1+ 8. Nxd1 Bxf3 9. gxf3 fxe5 10. f4 Nf6 11. fxe5 Nxe4 12. f3 Nc5 13. 0-0 0-0-0 14. f4 g6 15. Nf2 Ne6 16. Kg2 Bg7 17. Be3 Rhf8 18. Nh3 Rf5 19. Rad1 Rdf8 20. Rf2 Bh6 21. Kg3 R8f7 22. Rd3 Bf8 23. Rfd2 h6 24. a3 b6 25. Kg4 Be7 26. Rf2 Rh5 27. Rd1 Ng7 28. Re2 Nf5 29. Bf2 Bc5 30. Rd3 Bxf2 31. Nxf2 Rxh2 32. Red2 Rh4+ 33. Kf3 Ng7 34. Rd8+ Kb7 35. Nd3 g5 36. Kg3 Nf5+ 37. Kg2 gxf4 38. Nf2 Rg7+ 39. Kf3 Rg3+ 40. Ke4 Ne7 41. R2d7 Re3+ 42. Kd4 c5+ 43. Kc4 f3+ 0-1

[Event "Madrid-ch sf"]
[Site "Madrid"]
[Date "2022.05.11"]
[Round "8"]
[White "Lopez de Turiso, Jose Angel"]
[Black "Torres Rebolledo, Alvaro"]
[Result "0-1"]
[WhiteElo "1933"]
[BlackElo "1839"]
[PlyCount "98"]
[EventDate "2022.05.04"]
[EventType "swiss"]
[EventRounds "9"]
[EventCountry "ESP"]
[SourceTitle "EXT 2023"]
[Source "ChessBase"]
[SourceDate "2022.10.05"]
[SourceVersion "1"]
[SourceVersionDate "2022.10.05"]
[SourceQuality "1"]

1. d4 d5 2. Nc3 Nf6 3. Bg5 Nbd7 4. Nf3 e6 5. e4 dxe4 6. Nxe4 Be7 7. Ng3 h6 8. Bd2 0-0 9. Bd3 c5 10. c3 b6 11. 0-0 Bb7 12. Re1 Qc7 13. Qe2 Rfd8 14. Rad1 Rac8 15. Ne5 Nxe5 16. dxe5 c4 17. exf6 cxd3 18. Qg4 Bxf6 19. Bxh6 Qc4 20. f4 Kf8 21. Nh5 gxh6 22. Nxf6 d2 23. Re2 Ke7 24. Nh5 Ba6 25. Qh4+ Kf8 26. Rf2 Qe4 27. Rfxd2 Rxd2 28. Rxd2 Qb1+ 29. Kf2 Qf1+ 30. Ke3 Qg1+ 31. Kf3 Bb7+ 32. Ke2 Qxg2+ 33. Ke1 Qh1+ 34. Ke2 Qf3+ 35. Ke1 Qe3+ 36. Kd1 Bf3+ 37. Kc2 Be4+ 38. Kc1 Rxc3+ 39. bxc3 Qxc3+ 40. Kd1 Bf3+ 41. Ke1 Qe3+ 42. Kf1 Qxd2 43. Ng3 Qg2+ 44. Ke1 Qg1+ 45. Kd2 Qf2+ 46. Kc3 Qe3+ 47. Kb2 Qd2+ 48. Kb3 Bd5+ 49. Ka4 Qa5# 0-1

[Event "Madrid-ch Seniors 50"]
[Site "Madrid"]
[Date "2022.03.28"]
[Round "1"]
[White "Perez Pascual, Arturo"]
[Black "Lopez de Turiso, Jose Angel"]
[Result "0-1"]
[WhiteElo "1704"]
[BlackElo "1935"]
[PlyCount "90"]
[EventDate "2022.03.28"]
[EventType "swiss"]
[EventRounds "9"]
[EventCountry "ESP"]
[SourceTitle "EXT 2023"]
[Source "ChessBase"]
[SourceDate "2022.10.05"]
[SourceVersion "1"]
[SourceVersionDate "2022.10.05"]
[SourceQuality "1"]

1. e4 c5 2. Nf3 d6 3. d4 cxd4 4. Nxd4 Nf6 5. Nc3 g6 6. Be3 Bg7 7. f3 0-0 8. Qd2 Nc6 9. g4 e5 10. Nxc6 bxc6 11. 0-0-0 d5 12. exd5 cxd5 13. Nxd5 Nxd5 14. Qxd5 Qxd5 15. Rxd5 Bb7 16. Rd2 Bxf3 17. Bg2 Bxg2 18. Rxg2 Rfb8 19. c4 a5 20. Rd1 a4 21. g5 Rb4 22. Rc2 Rc8 23. Kb1 Rbxc4 24. Rxc4 Rxc4 25. Rd8+ Bf8 26. Re8 f6 27. gxf6 Kf7 28. Rxe5 Kxf6 29. Rd5 Ke6 30. Rd2 Bd6 31. Bg5 Be5 32. b3 axb3 33. axb3 Rc3 34. Ka2 Rh3 35. Ka3 Rxh2 36. Rd3 Rg2 37. Bh6 Rh2 38. Bd2 h5 39. b4 Rg2 40. b5 Rg3 41. Re3 Rxe3+ 42. Bxe3 h4 43. b6 h3 44. b7 h2 45. Bd4 Bb8 0-1

[Event "ESP-ch Seniors 50"]
[Site "Altea"]
[Date "2021.11.02"]
[Round "4"]
[White "Brusi Noguera, Ricardo Ll"]
[Black "Lopez de Turiso, Jose Angel"]
[Result "1/2-1/2"]
[WhiteElo "2079"]
[BlackElo "1939"]
[PlyCount "36"]
[EventDate "2021.10.31"]
[EventType "swiss"]
[EventRounds "9"]
[EventCountry "ESP"]
[SourceTitle "CBM 205 Extra"]
[Source "ChessBase"]
[SourceDate "2022.01.31"]
[SourceVersion "1"]
[SourceVersionDate "2022.01.31"]
[SourceQuality "1"]

1. d4 Nf6 2. c4 e6 3. Nc3 c5 4. d5 exd5 5. cxd5 Bd6 6. g3 0-0 7. Bg2 Re8 8. Nf3 Bc7 9. Nd2 d6 10. Nc4 a6 11. a4 Nbd7 12. Bf4 Nf8 13. 0-0 Ng6 14. Bd2 Bd7 15. a5 Bb5 16. Na3 Bxa5 17. Ncxb5 axb5 18. Nxb5 Bxd2 1/2-1/2